|
|
|
|
| LEADER |
01198nam a22002897a 4500 |
| 001 |
33840 |
| 003 |
BD-DhAAL |
| 005 |
20211124120844.0 |
| 008 |
181010t2011 ii ||||| |||| 00| 0 eng d |
| 999 |
|
|
|c 40121
|d 40121
|
| 020 |
|
|
|a 9878189013691
|
| 040 |
|
|
|a BD-DhAAL
|
| 082 |
|
|
|a 954.92
|
| 100 |
|
|
|a Akhtar, Shaheen
|9 28398
|
| 245 |
|
|
|a The search /
|c Shaheen Akhtar, translated by Ella Datta ; edited by Shabnam Nadiya
|
| 260 |
|
|
|a New Delhi :
|b Zubaan,
|c 2011
|
| 300 |
|
|
|a 359 pages ;
|c 20 cm.
|
| 526 |
|
|
|a ENH
|
| 541 |
|
|
|a STS International
|e 33840, 33841
|
| 650 |
|
|
|a English language
|9 43047
|
| 651 |
|
|
|a Bangladesh
|x History
|y Revolution, 1971.
|9 28399
|
| 700 |
|
|
|a Datta, Ella
|9 28400
|
| 700 |
|
|
|a Nadiya, Shabnam
|9 28401
|
| 852 |
|
|
|a Ayesha Abed Library
|c General Stacks
|
| 942 |
|
|
|2 ddc
|c BK
|
| 952 |
|
|
|0 0
|1 0
|2 ddc
|4 0
|6 954_920000000000000_AKH
|7 0
|9 64446
|a BRACUL
|b BRACUL
|c GEN
|d 2018-10-10
|e STS International
|g 625.00
|l 1
|o 954.92 AKH
|p 3010033840
|r 2019-01-08
|s 2018-10-10
|t 1
|v 625.00
|w 2018-10-10
|y BK
|
| 952 |
|
|
|0 0
|1 0
|2 ddc
|4 0
|6 954_920000000000000_AKH
|7 0
|9 64447
|a BRACUL
|b BRACUL
|c GEN
|d 2018-10-10
|e STS International
|g 625.00
|l 3
|m 7
|o 954.92 AKH
|p 3010033841
|r 2024-01-29
|s 2023-10-25
|t 2
|v 625.00
|w 2018-10-10
|y BK
|